Revision of the family y Sepsidae of the neotropical region II. the genus Meropliosepsis Duda, 1926 (diptera, Schizophora) (Registro nro. 13529)

Detalles MARC
000 -CABECERA
Campo de control 003680000a22001090004500
090 ## - CLASIFICACIÓN LOCAL
Colección AR
Consecutivo 04431
041 0# - IDIOMA
Código de idioma para texto/pista de sonido o título separado
100 1# - ASIENTO PRINCIPAL--NOMBRE PERSONAL
Nombre personal Silva, Vera Cristina
245 10 - MENCION DE TITULO
Título Revision of the family y Sepsidae of the neotropical region II. the genus Meropliosepsis Duda, 1926 (diptera, Schizophora)
773 1# - Item fuente:
Título Revta bras. Ent.
Descripción física 3
Paginas del Articulo 549-552
Lugar, editorial y fecha de publicación 1992
Información sobre la relación 36
942 ## - ELEMENTOS ADICIONALES (KOHA)
Tipo de ítem Artículo
Existencias
Withdrawn status Lost status Damaged status No para préstamo Colección Ubicación Permanente Ubicación actual Fecha de adquisición Fuente de Valor Datos de publicación Seriada Total Checkouts Número topográfico Inventario / Código de Barras Date last seen Ejemplar Price effective from Forma de adquisición Tipo de material
      No para Préstamo Hemeroteca Bogotá Bogotá 25/09/2007 Ospina, Mónica Fuera de circulación   AR 04431 025265 25/03/2015 1 25/03/2015   Artículo